[Event "FIDE Online Olympiad"]
[Site "Chess.com"]
[Date "2020.08.15"]
[EventDate "2020.08.14"]
[Round "4"]
[Result "1-0"]
[White "Martha Lorena Fierro Baquero"]
[Black "Suzie G Cooke"]
[WhiteElo "2304"]
[BlackElo "1915"]
[Source "Chess-Results"]
[PlyCount "89"]

1. e4 e6 2. Nf3 d5 3. Nc3 Nf6 4. e5 Nfd7 5. d4 c5 6. dxc5 Nc6
7. Bf4 Be7 8. h4 h6 9. Bd3 Nxc5 10. Qe2 a6 11. h5 Qb6 12. Bc1
d4 13. Ne4 Nxd3+ 14. cxd3 Qb5 15. Ned2 Bd7 16. Nc4 O-O-O
17. O-O Kb8 18. Bd2 a5 19. Rfc1 g5 20. hxg6 fxg6 21. a4 Qa6
22. Na3 Be8 23. Nb5 g5 24. Qe4 Qb6 25. Rc4 Rg8 26. Rac1 Bg6
27. Qe1 g4 28. Rxc6 bxc6 29. Bxa5 Qb7 30. Bc7+ Kc8 31. Bxd8
Bxd3 32. Nfxd4 Bxb5 33. axb5 Rxd8 34. Nxc6 Kd7 35. Rd1+ Ke8
36. Nxd8 Bxd8 37. Qb4 Be7 38. Qc4 Qb6 39. Qc6+ Qxc6 40. bxc6
Bd8 41. b4 Bc7 42. b5 h5 43. g3 Bxe5 44. b6 Bc3 45. c7 1-0

[Event "FIDE Online Olympiad"]
[Site "Chess.com"]
[Date "2020.08.15"]
[EventDate "2020.08.14"]
[Round "4"]
[Result "1-0"]
[White "Harriet Hunt"]
[Black "Aleksandra Milovic"]
[WhiteElo "2391"]
[BlackElo "2029"]
[Source "Chess-Results"]
[PlyCount "87"]

1. e4 d5 2. exd5 Nf6 3. Nf3 Bg4 4. Bb5+ Nbd7 5. h3 Bh5 6. Nc3
a6 7. Be2 Nb6 8. d4 Nbxd5 9. Nxd5 Qxd5 10. Be3 O-O-O 11. O-O
e6 12. c4 Qa5 13. Ne5 Bg6 14. a3 c5 15. b4 Qc7 16. bxc5 Bxc5
17. Bf3 Be4 18. Bxe4 Nxe4 19. Re1 f5 20. f3 Nf6 21. Rb1 Bd6
22. Qb3 Rhe8 23. Bf2 Re7 24. c5 Bxe5 25. Rxe5 Rd5 26. Re2 g5
27. Rc2 Qc6 28. Qc4 Nd7 29. Rcb2 Nb8 30. Rb6 Qe8 31. Rxe6 Rxe6
32. Qxd5 Nc6 33. Qxf5 Qg6 34. Qxg6 Rxg6 35. Re1 Kd7 36. d5 Ne7
37. Rb1 Nxd5 38. Rxb7+ Kc6 39. Rxh7 Kb5 40. Rd7 Nf4 41. Kh2
Ka4 42. g3 Ne2 43. Rd6 Rg8 44. Rxa6+ 1-0

[Event "FIDE Online Olympiad"]
[Site "Chess.com"]
[Date "2020.08.15"]
[EventDate "2020.08.14"]
[Round "4"]
[Result "1-0"]
[White "Adam Kozak"]
[Black "Santiago Avila Pavas"]
[WhiteElo "2438"]
[BlackElo "2274"]
[Source "Chess-Results"]
[PlyCount "85"]

1. Nf3 g6 2. c4 Nf6 3. Nc3 c5 4. g3 Bg7 5. Bg2 O-O 6. d4 d6
7. O-O Nc6 8. dxc5 dxc5 9. Bf4 Be6 10. Ne5 Nxe5 11. Bxe5 Bxc4
12. Bxb7 Qxd1 13. Rfxd1 Rad8 14. Rac1 Ng4 15. Bxg7 Kxg7 16. b3
Rxd1+ 17. Rxd1 Be6 18. Bd5 Bc8 19. f3 Ne3 20. Rd3 Nf5 21. Bc4
Nd4 22. Kf2 Bf5 23. Rd2 e5 24. e3 Nc6 25. Rd5 Nb4 26. Rxe5 Rd8
27. g4 Be6 28. Rxc5 Rd2+ 29. Kg3 Bxc4 30. Rxc4 Nc2 31. Ne4 Re2
32. Rc7 Nxe3 33. Ng5 Rg2+ 34. Kh3 Rf2 35. Rxf7+ Kg8 36. Kg3
Rg2+ 37. Kf4 Nxg4 38. fxg4 Rf2+ 39. Ke5 Rxf7 40. Nxf7 Kxf7
41. g5 Ke7 42. b4 a6 43. a4 1-0

[Event "FIDE Online Olympiad"]
[Site "Chess.com"]
[Date "2020.08.15"]
[EventDate "2020.08.14"]
[Round "4"]
[Result "1-0"]
[White "Pablo Ismael Acosta"]
[Black "Pavel Vera"]
[WhiteElo "2377"]
[BlackElo "1579"]
[Source "Chess-Results"]
[PlyCount "47"]

1. d4 Nf6 2. c4 g6 3. Nc3 d5 4. cxd5 Nxd5 5. e4 Nxc3 6. bxc3
Bg7 7. Bb5+ Bd7 8. Bc4 c5 9. Ne2 O-O 10. O-O Nc6 11. Be3 Na5
12. Bd3 b6 13. dxc5 Qc7 14. cxb6 axb6 15. Bd4 e5 16. Be3 Rfd8
17. Qc2 b5 18. Rfd1 Qc6 19. Rab1 Nc4 20. Bxc4 Qxc4 21. Nc1 f5
22. Bg5 fxe4 23. Bxd8 Rxd8 24. Qb3 1-0

[Event "FIDE Online Olympiad"]
[Site "Chess.com"]
[Date "2020.08.15"]
[EventDate "2020.08.14"]
[Round "4"]
[Result "1-0"]
[White "Candela Be Francisco Guecamburu"]
[Black "Lucia Estrada"]
[WhiteElo "1904"]
[BlackElo "1931"]
[Source "Chess-Results"]
[PlyCount "69"]

1. e4 e6 2. d4 d5 3. Nc3 dxe4 4. Nxe4 Nd7 5. Nf3 Ngf6 6. Bd3
Be7 7. c3 b6 8. Qe2 Bb7 9. Nxf6+ Nxf6 10. Bf4 O-O 11. O-O-O c5
12. dxc5 Qc8 13. Be5 Qxc5 14. Ng5 h6 15. h4 Qa5 16. Kb1 Rac8
17. Bxf6 Bxf6 18. Nh7 Rfd8 19. Nxf6+ gxf6 20. Qg4+ Kf8 21. Qf4
Ke7 22. Rhe1 h5 23. f3 b5 24. g4 Bd5 25. a3 Bb3 26. Rd2 hxg4
27. fxg4 Rd5 28. g5 fxg5 29. hxg5 Rcd8 30. Qf6+ Ke8 31. Rxe6+
fxe6 32. Qxe6+ Kf8 33. Rf2+ Kg7 34. Qg6+ Kh8 35. Qh7# 1-0

[Event "FIDE Online Olympiad"]
[Site "Chess.com"]
[Date "2020.08.15"]
[EventDate "2020.08.14"]
[Round "4"]
[Result "1-0"]
[White "Anapaola S Borda Rodas"]
[Black "Nataly A Monroy G"]
[WhiteElo "1994"]
[BlackElo "1906"]
[Source "Chess-Results"]
[PlyCount "111"]

1. e4 c5 2. Nf3 Nc6 3. d4 cxd4 4. Nxd4 g6 5. Be2 Bg7 6. Nb3
Nf6 7. Nc3 O-O 8. O-O d6 9. Bg5 a6 10. f4 b5 11. Bf3 Bb7
12. Nd5 Nd7 13. c3 Nb6 14. Bh4 Nc4 15. Qe2 Re8 16. Rad1 a5
17. a3 a4 18. Nc1 Qa5 19. Nd3 Nb6 20. Nc7 Nc4 21. Nxe8 Rxe8
22. Bf2 Qa8 23. h4 Nd8 24. h5 Ne6 25. Rfe1 Bh6 26. g3 Nf8
27. hxg6 hxg6 28. Kg2 Bg7 29. f5 Nd7 30. Bd4 Nde5 31. Nxe5
dxe5 32. Bc5 Qc8 33. Bb4 gxf5 34. exf5 Bxf3+ 35. Qxf3 Nxb2
36. Rd5 e6 37. fxe6 Qxe6 38. Rd6 Qa2 39. Re2 Qb3 40. Qd5 Nc4
41. Rd7 Nb6 42. Qxb3 axb3 43. Rb7 Nc4 44. Rxb5 b2 45. Bc5 e4
46. Bd4 Bh6 47. a4 Bc1 48. a5 Na3 49. Rbxb2 Bxb2 50. Rxb2 Nc4
51. Ra2 e3 52. Kf1 Rb8 53. a6 Rb1+ 54. Ke2 Rh1 55. Kd3 Nd6
56. a7 1-0

[Event "FIDE Online Olympiad"]
[Site "Chess.com"]
[Date "2020.08.15"]
[EventDate "2020.08.14"]
[Round "4"]
[Result "1-0"]
[White "Emmanuel Jimenez Garcia"]
[Black "Luis Fernando Ibarra Chami"]
[WhiteElo "2114"]
[BlackElo "2434"]
[Source "Chess-Results"]
[PlyCount "97"]

1. b3 e5 2. Bb2 Nc6 3. e3 Nf6 4. Bb5 Bd6 5. Ne2 Ne7 6. Ng3 c6
7. Be2 Bc7 8. c4 d5 9. d3 Ng6 10. Nd2 d4 11. exd4 exd4 12. O-O
O-O 13. Nf3 c5 14. b4 b6 15. bxc5 bxc5 16. Ba3 Qd6 17. Ng5 Nh4
18. f4 Bb7 19. N5e4 Nxe4 20. dxe4 Qc6 21. Bd3 f5 22. Qh5 Bd8
23. Rf2 g6 24. Qh6 Rc8 25. Rb1 Qa6 26. exf5 gxf5 27. Qxa6 Bxa6
28. Re1 Bf6 29. Nxf5 Rc7 30. Nd6 Rb8 31. Ne8 Rc6 32. Nxf6+
Rxf6 33. Bxc5 Nf5 34. g4 Nh4 35. Bxd4 Rf7 36. Bf1 Bb7 37. c5
Bd5 38. Re5 Nf3+ 39. Rxf3 Bxf3 40. Bc4 Kf8 41. Bxf7 Kxf7
42. h3 Rd8 43. Be3 Rd3 44. Kf2 Bc6 45. Rf5+ Ke6 46. Rh5 Ra3
47. Rh6+ Kd5 48. Rd6+ Ke4 49. Rd4# 1-0

[Event "FIDE Online Olympiad"]
[Site "Chess.com"]
[Date "2020.08.15"]
[EventDate "2020.08.14"]
[Round "5"]
[Result "1-0"]
[White "Luis Fernando Ibarra Chami"]
[Black "Carlos S Matamoros Franco"]
[WhiteElo "2434"]
[BlackElo "2499"]
[Source "Chess-Results"]
[PlyCount "175"]

1. c4 Nf6 2. Nc3 g6 3. g3 Bg7 4. Bg2 O-O 5. e4 c5 6. Nge2 Nc6
7. O-O d6 8. d3 Rb8 9. h3 Ne8 10. Be3 Nc7 11. d4 b6 12. Rc1 e5
13. dxe5 dxe5 14. Nd5 Nd4 15. f4 Nxd5 16. exd5 Nf5 17. Bf2
exf4 18. Nxf4 Bxb2 19. Rb1 Bd4 20. Bxd4 cxd4 21. Rf3 h5 22. c5
Ne3 23. Rxe3 dxe3 24. d6 Qg5 25. c6 Qxg3 26. c7 Bf5 27. cxb8=Q
Rxb8 28. Rb4 Rd8 29. Kh1 Qf2 30. Ne2 Bd3 31. Rb2 Rxd6 32. Qf1
Rf6 33. Qd1 Rd6 34. Qf1 Be4 35. Qxf2 exf2 36. Ng3 Rd1+ 37. Kh2
Bxg2 38. Kxg2 Rd3 39. Rxf2 Ra3 40. Ne4 Kg7 41. Rc2 b5 42. Nd6
b4 43. Nc4 Rd3 44. Ne5 Rd5 45. Nc6 a5 46. h4 g5 47. hxg5 Rxg5+
48. Kf3 h4 49. Kf4 Rg3 50. Nxa5 Ra3 51. Nb3 Kf6 52. Re2 Ra8
53. Kg4 Rh8 54. Kh3 Ra8 55. Kxh4 Kf5 56. Kg3 Ra7 57. Kf3 Ra8
58. Rh2 Ra7 59. Ke3 Ke5 60. Kd3 f5 61. Ke3 Rc7 62. Rb2 Rh7
63. Nd2 f4+ 64. Kd3 Rh3+ 65. Kc2 Rh2 66. Rxb4 f3 67. Rb1 f2
68. Kd3 Kf4 69. Rf1 Kg4 70. Ke2 Kg3 71. Ne4+ Kf4 72. Rxf2+
Rxf2+ 73. Nxf2 Ke5 74. Kd3 Kd5 75. Kc3 Kc5 76. Kb3 Kb5 77. a4+
Ka5 78. Nd3 Ka6 79. Nb2 Kb6 80. Nc4+ Ka6 81. Kb4 Ka7 82. a5
Kb7 83. Kb5 Ka7 84. Nd6 Ka8 85. Ne8 Ka7 86. a6 Ka8 87. Kb6 Kb8
88. a7+ 1-0

[Event "FIDE Online Olympiad"]
[Site "Chess.com"]
[Date "2020.08.15"]
[EventDate "2020.08.14"]
[Round "5"]
[Result "1-0"]
[White "Pablo Ismael Acosta"]
[Black "Leonardo Valdes Romero"]
[WhiteElo "2377"]
[BlackElo "2432"]
[Source "Chess-Results"]
[PlyCount "81"]

1. Nf3 Nf6 2. d4 g6 3. Bg5 Bg7 4. Nbd2 O-O 5. e3 d6 6. Be2 c5
7. O-O Nc6 8. c3 b6 9. Qa4 Qc7 10. Rac1 Bd7 11. Qa3 h6
12. Bxf6 exf6 13. b4 Rfc8 14. bxc5 dxc5 15. dxc5 bxc5 16. Qxc5
Bf8 17. Qc4 Qa5 18. Qa6 Rab8 19. Nb3 Qc7 20. Rfd1 Rb6 21. Qd3
Be6 22. Nfd4 Ne5 23. Qe4 Bd7 24. c4 f5 25. Qd5 Be6 26. Nxe6
fxe6 27. Qa5 Nc6 28. Qd2 Ba3 29. Rb1 Rd8 30. Qc3 Kf7 31. Rxd8
Qxd8 32. Rd1 Qc8 33. c5 Rb8 34. Bc4 Bb4 35. Qa1 a5 36. Rd6 Nd8
37. Qd4 a4 38. Rd7+ Ke8 39. Rg7 Bxc5 40. Nxc5 Rb1+ 41. Bf1 1-0

[Event "FIDE Online Olympiad"]
[Site "Chess.com"]
[Date "2020.08.15"]
[EventDate "2020.08.14"]
[Round "5"]
[Result "1-0"]
[White "Candela Be Francisco Guecamburu"]
[Black "Maria Elena Rodriguez Arrieta"]
[WhiteElo "1904"]
[BlackElo "1905"]
[Source "Chess-Results"]
[PlyCount "67"]

1. e4 e5 2. Nf3 Nc6 3. Bb5 a6 4. Ba4 Nf6 5. d3 b5 6. Bb3 Be7
7. O-O d6 8. c3 O-O 9. Nbd2 Na5 10. Bc2 c5 11. Re1 Re8 12. Nf1
Qc7 13. Ne3 h6 14. h3 Be6 15. Nh2 d5 16. Nhg4 Nxg4 17. hxg4
dxe4 18. dxe4 Rad8 19. Qf3 Bf8 20. g3 c4 21. Kg2 Nb7 22. Rh1
Nc5 23. g5 Nd3 24. gxh6 gxh6 25. Ng4 Bxg4 26. Qxg4+ Bg7
27. Bxh6 f6 28. Rh4 Qd7 29. Bxg7 Qxg7 30. Qf5 Kf8 31. Rah1 Qg5
32. Rh8+ Ke7 33. Rxe8+ Kxe8 34. Qe6+ 1-0

[Event "FIDE Online Olympiad"]
[Site "Chess.com"]
[Date "2020.08.15"]
[EventDate "2020.08.14"]
[Round "5"]
[Result "1-0"]
[White "Thais Castillo Morales"]
[Black "Guadalupe Encina"]
[WhiteElo "1867"]
[BlackElo "1749"]
[Source "Chess-Results"]
[PlyCount "143"]

1. c4 c5 2. Nf3 Nc6 3. d4 cxd4 4. Nxd4 g6 5. e4 Bg7 6. Be3 Nf6
7. Nc3 O-O 8. Be2 d6 9. O-O Bd7 10. f3 Nxd4 11. Bxd4 Bc6
12. Qd2 a5 13. b3 Nd7 14. Be3 Nc5 15. Rab1 e6 16. Rfd1 Be5
17. Qc2 Qh4 18. h3 Qg3 19. Bd3 f5 20. Bxc5 dxc5 21. Ne2 Qh2+
22. Kf2 Bd4+ 23. Nxd4 cxd4 24. exf5 Qf4 25. Qd2 Qxd2+ 26. Rxd2
gxf5 27. Re1 Rae8 28. a3 e5 29. Kg1 e4 30. fxe4 fxe4 31. Bb1
d3 32. b4 axb4 33. axb4 b6 34. Re3 Kg7 35. Rd1 Rg8 36. Rg3+
Kh6 37. Rxg8 Rxg8 38. Kf2 Re8 39. Ke3 Kg5 40. Re1 Ra8 41. Kd4
Rd8+ 42. Ke3 Ra8 43. Kd4 Rd8+ 44. Ke3 Ba4 45. Kd2 Rf8 46. Rxe4
Rf2+ 47. Kxd3 Rxg2 48. Kd4 Rd2+ 49. Ke5 Rb2 50. Bd3 Rxb4
51. Rg4+ Kh6 52. Kd4 b5 53. Kc5 Rb2 54. cxb5 Rd2 55. Bc4 Bd1
56. Rd4 Rxd4 57. Kxd4 Bf3 58. Bd5 Be2 59. b6 Ba6 60. Bc4 Bb7
61. Kc5 Kg5 62. Kd6 h5 63. Kc7 Bg2 64. Be6 h4 65. Bd7 Kf4
66. Bc6 Kg3 67. b7 Bxc6 68. Kxc6 Kxh3 69. b8=Q Kg2 70. Qb2+
Kh3 71. Kd5 Kg3 72. Ke4 1-0

[Event "FIDE Online Olympiad"]
[Site "Chess.com"]
[Date "2020.08.15"]
[EventDate "2020.08.14"]
[Round "5"]
[Result "1-0"]
[White "Tomas Kapitanchuk"]
[Black "Joshua Quesada Leon"]
[WhiteElo "2103"]
[BlackElo "1702"]
[Source "Chess-Results"]
[PlyCount "79"]

1. e4 c5 2. Nf3 d6 3. Bb5+ Nd7 4. O-O Nf6 5. Re1 a6 6. Bd3 Ne5
7. Nxe5 dxe5 8. a4 Qd4 9. Qe2 Bg4 10. Qf1 Rd8 11. Bc4 e6
12. Nc3 Be7 13. d3 h6 14. Nd5 Nxd5 15. exd5 Bf5 16. dxe6 fxe6
17. Qe2 Bd6 18. Qh5+ g6 19. Qe2 Qh4 20. g3 Qh3 21. Qf1 Qh5
22. Qg2 O-O 23. Re3 Bh3 24. Qe4 Rf4 25. Bxe6+ Bxe6 26. gxf4
Bc7 27. Qf3 Qf5 28. fxe5 Qg5+ 29. Qg3 Qh5 30. Bd2 c4 31. Rae1
Bb6 32. Rf3 Bd5 33. Rf6 Kh7 34. Rxb6 Rf8 35. Rf6 Re8 36. dxc4
Bc6 37. Rf4 g5 38. Rf6 Re7 39. e6 g4 40. Rxh6+ 1-0

[Event "FIDE Online Olympiad"]
[Site "Chess.com"]
[Date "2020.08.15"]
[EventDate "2020.08.14"]
[Round "5"]
[Result "1-0"]
[White "Melissa Castrillon Gomez"]
[Black "Jessica Molina"]
[WhiteElo "2150"]
[BlackElo "1758"]
[Source "Chess-Results"]
[PlyCount "109"]

1. d4 d5 2. c4 e6 3. Nf3 Nf6 4. g3 Nbd7 5. Bg2 c6 6. O-O Bd6
7. Nbd2 O-O 8. Qc2 Re8 9. e4 dxe4 10. Nxe4 Nxe4 11. Qxe4 Nf6
12. Qe2 c5 13. Rd1 Qb6 14. Bg5 Be7 15. h3 h6 16. Be3 Bd7
17. Ne5 Bc6 18. d5 exd5 19. cxd5 Bb5 20. Nc4 Bxc4 21. Qxc4 Bd6
22. Rab1 Qc7 23. b4 b5 24. Qxb5 Rab8 25. Qc6 cxb4 26. Qxc7
Bxc7 27. Bxa7 Ra8 28. Bc5 Rxa2 29. Rxb4 Nd7 30. d6 Ba5 31. Rc4
Nxc5 32. Rxc5 Bb6 33. Rf5 g6 34. Rxf7 Kxf7 35. Bd5+ Kg7
36. Bxa2 Rf8 37. Rd2 Kf6 38. Kg2 Rd8 39. Bb3 Ba5 40. Rd3 Bb4
41. d7 Ke7 42. Ba4 Bc5 43. Rd2 Bd6 44. Re2+ Kf7 45. Re8 Bc7
46. f4 Kf6 47. Kf3 Kf7 48. Ke4 Kf6 49. Kd5 Ba5 50. Kc6 Kf7
51. Bb3+ Kg7 52. g4 Kf6 53. Re6+ Kg7 54. Re7+ Kf6 55. Rf7# 1-0

[Event "FIDE Online Olympiad"]
[Site "Chess.com"]
[Date "2020.08.15"]
[EventDate "2020.08.14"]
[Round "5"]
[Result "1-0"]
[White "Anita Gara"]
[Black "Nikolina Koljevic"]
[WhiteElo "2279"]
[BlackElo "1755"]
[Source "Chess-Results"]
[PlyCount "71"]

1. e4 c5 2. Nf3 Nc6 3. Bb5 Nf6 4. Nc3 Nd4 5. e5 Ng8 6. Bc4 a6
7. a4 e6 8. O-O d5 9. exd6 Bxd6 10. Ne4 Nf6 11. Nxd6+ Qxd6
12. Nxd4 cxd4 13. b3 Bd7 14. Ba3 Qc7 15. Re1 h5 16. h3 Rh6
17. Qe2 O-O-O 18. Qe5 Bc6 19. Bf1 Ne4 20. Rxe4 Bxe4 21. Qxe4
Rf6 22. Re1 Rd5 23. Bb2 Rf4 24. Qh7 g5 25. Bc4 Rdf5 26. Re2 g4
27. Qg8+ Qd8 28. Qxd8+ Kxd8 29. g3 Rf3 30. hxg4 hxg4 31. Bxd4
b5 32. Bd3 Rh5 33. axb5 axb5 34. Be4 e5 35. Bxf3 gxf3 36. Rxe5
1-0

[Event "FIDE Online Olympiad"]
[Site "Chess.com"]
[Date "2020.08.15"]
[EventDate "2020.08.14"]
[Round "5"]
[Result "1-0"]
[White "Milo Pobor"]
[Black "Barnabas Persanyi"]
[WhiteElo "1988"]
[BlackElo "2019"]
[Source "Chess-Results"]
[PlyCount "67"]

1. e4 b6 2. d4 Bb7 3. Nc3 e6 4. Bd3 Nf6 5. Nge2 c5 6. O-O Be7
7. e5 Nd5 8. Nxd5 Bxd5 9. Nf4 cxd4 10. Nxd5 exd5 11. Qg4 g6
12. Qxd4 Nc6 13. Qxd5 O-O 14. Bh6 Nb4 15. Qf3 Nxd3 16. Bxf8
Nxe5 17. Qe4 Bxf8 18. Qxe5 Bg7 19. Qb5 Rc8 20. c3 Rc5 21. Qd3
Rh5 22. Rad1 d5 23. Rfe1 Be5 24. g3 Qf6 25. Qxd5 Kg7 26. Qd3
h6 27. Re2 Kh7 28. f4 Bc7 29. Qd4 Qc6 30. Re7 Rf5 31. Qd7 Qc5+
32. Rd4 Bxf4 33. Rxf7+ Kg8 34. Qe8+ 1-0

[Event "FIDE Online Olympiad"]
[Site "Chess.com"]
[Date "2020.08.15"]
[EventDate "2020.08.14"]
[Round "5"]
[Result "1-0"]
[White "Dorina Demeter"]
[Black "Mateja Popovic"]
[WhiteElo "1885"]
[BlackElo "1610"]
[Source "Chess-Results"]
[PlyCount "71"]

1. Nf3 d5 2. d4 Nf6 3. c4 e6 4. Nc3 Nbd7 5. Bg5 Be7 6. e3 O-O
7. Bd3 h6 8. Bh4 dxc4 9. Bxc4 a6 10. a4 c5 11. O-O cxd4
12. Nxd4 Nb6 13. Bd3 Nbd5 14. Nxd5 Nxd5 15. Bg3 Bd6 16. Qf3
Bxg3 17. Qxg3 Qf6 18. f4 Rd8 19. Rad1 Bd7 20. b3 Nb4 21. Bb1
Nc6 22. Nf3 Ne7 23. Ne5 Bc6 24. Ng4 Qc3 25. Nxh6+ Kf8
26. Rxd8+ Rxd8 27. Ng4 Nf5 28. Qh3 Rd2 29. e4 Qd4+ 30. Kh1
Bxe4 31. Bxe4 Qxe4 32. Rc1 Rc2 33. Rd1 Qd4 34. Qf3 Qc3
35. Qxb7 Rb2 36. Rd8# 1-0

[Event "FIDE Online Olympiad"]
[Site "Chess.com"]
[Date "2020.08.15"]
[EventDate "2020.08.14"]
[Round "5"]
[Result "1-0"]
[White "David Howell"]
[Black "Declan Shafi"]
[WhiteElo "2624"]
[BlackElo "2166"]
[Source "Chess-Results"]
[PlyCount "69"]

1. c4 g6 2. d4 Nf6 3. g3 c6 4. Nf3 d5 5. Bg2 Bg7 6. b3 dxc4
7. bxc4 c5 8. Bb2 cxd4 9. Nxd4 O-O 10. O-O Qb6 11. Qc1 Nbd7
12. Rd1 Nc5 13. Nc3 e5 14. Nc2 Bd7 15. Rb1 Qc7 16. Nb4 Rae8
17. Qe3 Bf5 18. Nbd5 Qc8 19. Nxf6+ Bxf6 20. Nd5 Bg7 21. Ba3 b6
22. Bxc5 bxc5 23. Rb7 Bd7 24. Rxd7 Kh8 25. Rxa7 f5 26. Ra5 Qd8
27. Qxc5 Qg5 28. Ra7 f4 29. Qc7 Rg8 30. Ne7 Rgf8 31. Nd5 Rg8
32. Ne7 Rgf8 33. Be4 Rf7 34. Nxg6+ Qxg6 35. Qxf7 1-0

[Event "FIDE Online Olympiad"]
[Site "Chess.com"]
[Date "2020.08.15"]
[EventDate "2020.08.14"]
[Round "5"]
[Result "1-0"]
[White "Nadia Jaufarally"]
[Black "Monica Espinosa Cancino"]
[WhiteElo "1613"]
[BlackElo "1563"]
[Source "Chess-Results"]
[PlyCount "73"]

1. e4 c5 2. Nf3 d6 3. d4 cxd4 4. Nxd4 Nf6 5. Nc3 a6 6. h3 e6
7. g4 Be7 8. Bg2 O-O 9. Be3 Nbd7 10. f4 Nb6 11. Qe2 d5 12. g5
Nxe4 13. Nxe4 dxe4 14. Bxe4 Nd5 15. O-O-O Nxe3 16. Qxe3 Qc7
17. Kb1 Bc5 18. Qc3 Qb6 19. Nb3 Bb4 20. Qd3 g6 21. h4 Be7
22. h5 Rd8 23. Qe2 Bd7 24. hxg6 fxg6 25. Qh2 h5 26. Bxg6 Be8
27. Qxh5 Rxd1+ 28. Rxd1 Bxg6 29. Qxg6+ Kf8 30. Rh1 Bf6
31. Qxf6+ Ke8 32. Rh8+ Kd7 33. Qg7+ Kd6 34. Qe5+ Kd7 35. Rh7+
Kc6 36. Nd4+ Qxd4 37. Qxd4 1-0

[Event "FIDE Online Olympiad"]
[Site "Chess.com"]
[Date "2020.08.15"]
[EventDate "2020.08.14"]
[Round "6"]
[Result "1-0"]
[White "Katarzyna Toma"]
[Black "Carla Heredia Serrano"]
[WhiteElo "2202"]
[BlackElo "2162"]
[Source "Chess-Results"]
[PlyCount "125"]

1. e4 c6 2. Nf3 d5 3. Nc3 Nf6 4. e5 Ne4 5. Ne2 Qb6 6. d4 e6
7. Ng3 Nxg3 8. fxg3 c5 9. c3 Nc6 10. Be2 cxd4 11. cxd4 Bb4+
12. Bd2 Bxd2+ 13. Qxd2 Qb4 14. Rd1 O-O 15. O-O Qxd2 16. Rxd2
Bd7 17. Rc1 f6 18. exf6 gxf6 19. Bb5 a6 20. Ba4 Rac8 21. Re1
b5 22. Bc2 Rc7 23. g4 Rfc8 24. g5 f5 25. Bb1 a5 26. h4 b4
27. Bd3 Kg7 28. Bb5 Nd8 29. Ba6 Ra8 30. Bd3 Nc6 31. Rc1 Rb7
32. Rdc2 h6 33. gxh6+ Kxh6 34. Rxc6 Bxc6 35. Rxc6 Re7 36. Bxf5
Kh5 37. g4+ Kh6 38. Bxe6 Kg7 39. Ne5 Rf8 40. Bf5 Rb7 41. h5 a4
42. h6+ Kg8 43. h7+ Rxh7 44. Bxh7+ Kxh7 45. Rb6 a3 46. Rxb4
axb2 47. Rxb2 Rf4 48. Rb4 Kg7 49. Kg2 Re4 50. Kf3 Re1 51. a4
Kf6 52. a5 Ra1 53. Rb5 Ra3+ 54. Kf4 Ra1 55. Rxd5 Rf1+ 56. Nf3
Ke6 57. Re5+ Kd6 58. g5 Rb1 59. g6 Rb7 60. Kf5 Rg7 61. Kf6 Rg8
62. g7 Kd7 63. Kf7 1-0

[Event "FIDE Online Olympiad"]
[Site "Chess.com"]
[Date "2020.08.15"]
[EventDate "2020.08.14"]
[Round "6"]
[Result "1-0"]
[White "Viktor Erdos"]
[Black "Iain Gourlay"]
[WhiteElo "2580"]
[BlackElo "2342"]
[Source "Chess-Results"]
[PlyCount "59"]

1. Nf3 d5 2. e3 Nf6 3. c4 c6 4. Nc3 a6 5. d4 Bf5 6. Be2 e6
7. Nh4 Be4 8. f3 Bg6 9. Qb3 Qc7 10. Bd2 Nbd7 11. cxd5 exd5
12. O-O-O Be7 13. Nxg6 hxg6 14. e4 dxe4 15. fxe4 b5 16. e5 Nd5
17. Nxd5 cxd5+ 18. Kb1 Nb6 19. Ba5 Qb7 20. Bxb6 Qxb6 21. Bf3
O-O 22. Bxd5 Ra7 23. Rhf1 Bg5 24. h4 Bxh4 25. e6 Bg5 26. Rxf7
Rfxf7 27. exf7+ Kf8 28. Qh3 Rxf7 29. Qh8+ Ke7 30. Re1+ 1-0

[Event "FIDE Online Olympiad"]
[Site "Chess.com"]
[Date "2020.08.15"]
[EventDate "2020.08.14"]
[Round "6"]
[Result "1-0"]
[White "Hoang Thanh Trang"]
[Black "Suzie G Cooke"]
[WhiteElo "2338"]
[BlackElo "1915"]
[Source "Chess-Results"]
[PlyCount "47"]

1. d4 d5 2. Nf3 Nf6 3. Bf4 e6 4. e3 c5 5. Nbd2 Nc6 6. c3 Bd6
7. Bg3 O-O 8. Bd3 h6 9. Ne5 Qc7 10. f4 c4 11. Bc2 b5 12. a3 a5
13. O-O Bb7 14. Bh4 Be7 15. Bxf6 Bxf6 16. Qh5 Bxe5 17. fxe5
Qe7 18. Rf3 b4 19. Raf1 bxc3 20. bxc3 Nd8 21. Rg3 Kh8 22. Rf6
g6 23. Qxh6+ Kg8 24. Rh3 1-0

[Event "FIDE Online Olympiad"]
[Site "Chess.com"]
[Date "2020.08.15"]
[EventDate "2020.08.14"]
[Round "6"]
[Result "1-0"]
[White "Adam Kozak"]
[Black "Murad Abdulla"]
[WhiteElo "2438"]
[BlackElo "2167"]
[Source "Chess-Results"]
[PlyCount "107"]

1. Nf3 c5 2. c4 Nc6 3. g3 g6 4. Bg2 Bg7 5. Nc3 d6 6. O-O Bf5
7. d3 Qd7 8. Rb1 Bh3 9. Bxh3 Qxh3 10. Nd5 Qd7 11. Bd2 e6
12. Bc3 Nd4 13. Bxd4 cxd4 14. Nb4 Ne7 15. Nc2 Nf5 16. b4 h5
17. Qd2 O-O 18. b5 Rfc8 19. Na3 Rc5 20. Rb4 h4 21. Qf4 hxg3
22. hxg3 Re8 23. Kg2 Bh6 24. Qg4 e5 25. Qe4 Bf8 26. Rb3 Be7
27. Nd2 Bg5 28. Rb2 Nh6 29. Nb3 Rcc8 30. Rh1 Kg7 31. Na5 b6
32. Nc6 Ng4 33. Qd5 Rh8 34. Rbb1 Be3 35. Nxe5 Nxe5 36. fxe3
Qg4 37. Kf2 dxe3+ 38. Kxe3 Qg5+ 39. Kd4 Qf6 40. Rxh8 Nxc4+
41. Ke4 Rxh8 42. dxc4 Re8+ 43. Kd3 Re5 44. Qf3 Qe6 45. Rd1 d5
46. Kd2 dxc4 47. Nc2 f5 48. Qc3 Kf7 49. Nd4 Qd5 50. Kc1 Qc5
51. a4 Rd5 52. e3 Qd6 53. Qxc4 Kg7 54. Nxf5+ 1-0

[Event "FIDE Online Olympiad"]
[Site "Chess.com"]
[Date "2020.08.15"]
[EventDate "2020.08.14"]
[Round "6"]
[Result "1-0"]
[White "Aleksandar Tomic"]
[Black "Cesar Borda"]
[WhiteElo "2393"]
[BlackElo "2118"]
[Source "Chess-Results"]
[PlyCount "73"]

1. d4 Nf6 2. c4 g6 3. Nc3 d5 4. Bg5 Ne4 5. Bh4 Nxc3 6. bxc3
Bg7 7. cxd5 Qxd5 8. e3 Qa5 9. Qd2 c5 10. Nf3 Nc6 11. Rc1 Bg4
12. Be2 O-O 13. h3 Bf5 14. O-O Rfd8 15. Qb2 Qb6 16. Qb5 Qxb5
17. Bxb5 Kf8 18. Rfd1 a6 19. Be2 Rac8 20. Nd2 Na5 21. Bf3 cxd4
22. cxd4 b5 23. Ne4 Rxc1 24. Rxc1 Rc8 25. Nc5 Ke8 26. g4 Bd7
27. Rd1 Bc6 28. Be2 Nc4 29. Nxa6 Bb7 30. Nc5 Bd5 31. e4 Ba8
32. a4 Nb2 33. Bxb5+ Bc6 34. Bxc6+ Rxc6 35. Rd2 Nc4 36. Rd3
Nb2 37. Rb3 1-0

[Event "FIDE Online Olympiad"]
[Site "Chess.com"]
[Date "2020.08.15"]
[EventDate "2020.08.14"]
[Round "6"]
[Result "1-0"]
[White "Nikolina Koljevic"]
[Black "Jessica Molina"]
[WhiteElo "1755"]
[BlackElo "1758"]
[Source "Chess-Results"]
[PlyCount "145"]

1. e4 e6 2. d4 b6 3. Bd3 Bb7 4. Nf3 d5 5. e5 c5 6. c3 Nc6
7. O-O Be7 8. Bf4 c4 9. Bc2 b5 10. a3 a5 11. Bg3 g5 12. Ne1 h5
13. h3 Qc7 14. f4 O-O-O 15. f5 h4 16. Bf2 Nh6 17. Be3 exf5
18. Bxf5+ Kb8 19. Nc2 Bc8 20. Bxc8 Qxc8 21. Bd2 Nf5 22. Qg4
Nh6 23. Qxc8+ Kxc8 24. Ne3 Rhf8 25. Be1 f6 26. exf6 Rxf6
27. Nd2 Rxf1+ 28. Ndxf1 Bf6 29. Nh2 Nxd4 30. cxd4 Bxd4 31. Bf2
Bxb2 32. Rb1 c3 33. Nc2 Nf5 34. Nf3 Kb7 35. Nfe1 d4 36. Nd3
Kc6 37. Nxb2 cxb2 38. Rxb2 d3 39. Ne3 d2 40. Nd1 Rd3 41. Rc2+
Kd6 42. Bc5+ Kd7 43. Kf2 b4 44. axb4 axb4 45. Bxb4 Nd4
46. Rxd2 Rxd2+ 47. Bxd2 Ne6 48. Kf3 Ke7 49. Kg4 Kf6 50. Nf2
Kg6 51. Ne4 Ng7 52. Bxg5 Nf5 53. Bxh4 Ne3+ 54. Kf3 Nf5 55. Bf2
Ng7 56. g4 Ne6 57. h4 Kh6 58. Be3+ Kg6 59. h5+ Kg7 60. g5 Kh7
61. Kg4 Ng7 62. Bd4 Ne6 63. Be3 Ng7 64. g6+ Kg8 65. Nf6+ Kh8
66. Nd7 Kg8 67. h6 Ne8 68. h7+ Kh8 69. Bd4+ Ng7 70. Bxg7+ Kxg7
71. Ne5 Kh8 72. Nf7+ Kg7 73. h8=Q+ 1-0